<?xml version="1.0" encoding="UTF-8"?>
<record
    xmlns:xsi="http://www.w3.org/2001/XMLSchema-instance"
    xsi:schemaLocation="http://www.loc.gov/MARC21/slim http://www.loc.gov/standards/marcxml/schema/MARC21slim.xsd"
    xmlns="http://www.loc.gov/MARC21/slim">

  <leader>00923cam a22002292  4500</leader>
  <controlfield tag="001">0000008722</controlfield>
  <controlfield tag="005">20151217161139.0</controlfield>
  <controlfield tag="008">080519s         xx           000 0 eng d</controlfield>
  <datafield tag="020" ind1=" " ind2=" ">
    <subfield code="a">1900862603 :</subfield>
    <subfield code="c">KES 650</subfield>
  </datafield>
  <datafield tag="040" ind1=" " ind2=" ">
    <subfield code="a">KABU</subfield>
    <subfield code="c">KABU</subfield>
  </datafield>
  <datafield tag="111" ind1="2" ind2=" ">
    <subfield code="a">Institute for Small Business Affairs Conference </subfield>
    <subfield code="c">Newcastle Gateshead, U. K :</subfield>
    <subfield code="d">2004 Nov. 2nd - 4th :</subfield>
    <subfield code="n">27th.</subfield>
    <subfield code="@">0000159414</subfield>
  </datafield>
  <datafield tag="245" ind1="1" ind2="0">
    <subfield code="a">Entrepreneurship &amp; SME development :</subfield>
    <subfield code="b">creating opportunities: entrepreneurship &amp; SME development in education, policy &amp; research /</subfield>
    <subfield code="c">compiled by Margaret Hall.</subfield>
  </datafield>
  <datafield tag="250" ind1=" " ind2=" ">
    <subfield code="a"> ed.</subfield>
  </datafield>
  <datafield tag="260" ind1=" " ind2=" ">
    <subfield code="a">Wetherby, U. K :</subfield>
    <subfield code="b">Insitute for Small Business Affairs (ISBA),</subfield>
    <subfield code="c">2004.</subfield>
  </datafield>
  <datafield tag="300" ind1=" " ind2=" ">
    <subfield code="a">160, ii  p ;</subfield>
    <subfield code="c"> cm.</subfield>
  </datafield>
  <datafield tag="500" ind1=" " ind2=" ">
    <subfield code="a">Abstracts handbook.</subfield>
  </datafield>
  <datafield tag="650" ind1=" " ind2="0">
    <subfield code="a">Intrepreneurship</subfield>
    <subfield code="v">Conferences.</subfield>
    <subfield code="@">0000169940</subfield>
  </datafield>
  <datafield tag="700" ind1="1" ind2=" ">
    <subfield code="a">Hall, Margaret.</subfield>
    <subfield code="@">0000169939</subfield>
  </datafield>
  <datafield tag="908" ind1=" " ind2=" ">
    <subfield code="a">080519</subfield>
  </datafield>
  <datafield tag="950" ind1=" " ind2=" ">
    <subfield code="@">1</subfield>
  </datafield>
  <datafield tag="999" ind1=" " ind2=" ">
    <subfield code="c">15055</subfield>
    <subfield code="d">15055</subfield>
  </datafield>
  <datafield tag="952" ind1=" " ind2=" ">
    <subfield code="0">0</subfield>
    <subfield code="1">0</subfield>
    <subfield code="2">lcc</subfield>
    <subfield code="7">1</subfield>
    <subfield code="a">KABU</subfield>
    <subfield code="b">KABU</subfield>
    <subfield code="d">2015-12-17</subfield>
    <subfield code="l">0</subfield>
    <subfield code="o">HB615 .I57 2004</subfield>
    <subfield code="p">008897</subfield>
    <subfield code="r">2015-12-17 00:00:00</subfield>
    <subfield code="w">2015-12-17</subfield>
    <subfield code="y">REF</subfield>
  </datafield>
</record>
